| 000 | 00701nam a2200205 a 4500 | ||
|---|---|---|---|
| 001 | 000023684 | ||
| 005 | 20200930022406.0 | ||
| 008 | 101218s1968 xxc 000 0 eng d | ||
| 040 |
_aDO-SdBNP _beng _cBNPHU |
||
| 082 |
_ann* _bnn* |
||
| 100 | 1 |
_aRoss, Sinclair. _948791 |
|
| 245 | 1 | 4 |
_aThe lamp at noon and the other stories / _cSinclair Ross ; introducción Margaret Laurence ; editor general Malcolm Ross. |
| 260 |
_aToronto : _bMcclelland and Stewart Limited, _c1968. |
||
| 300 |
_a134 p. ; _c18 cm. |
||
| 490 | 1 |
_aNew Canadian Library _v62 |
|
| 700 | 1 |
_aLaurence, Margaret, _eintrod. _942350 |
|
| 700 | 1 |
_aRoss, Malcolm, _eed. _912838 |
|
| 830 | 0 |
_aNew Canadian Library _v62 _948792 |
|
| 049 | _aBNGR | ||
| 999 |
_c23180 _d23180 |
||